000 01204cam a2200217 4500
001 WB@3612-633
008 041216n2004 000 0 eng u
035 _a(Sirsi) u128334
245 _aPlanning for power
260 _c2004
490 _aODPM News Release
_v(2004/0316) 16 December 2004 (2)
520 _aODPM has issued "Planning for renewable energy", a comprehensive guide to accompany "Planning policy statement: PPS22". The practical guide advises planners how to implement PPS22 in their local communities. It explains what makes a good renewableenergy application, how to assess the impact of plans on the landscape and how to give the community greater involvement. It provides advice on the broad range of renewable energy technologies, including biomass, hydro, solar and wind. The guide is available from: http://www.odpm.gov.uk/stellent/groups/odpm_contro l/documents/contentservertemplate/odpm_index.hcst? n=5681&l=3. http://www.odpm.gov.uk/pns/displaypn.cgi?pn_id=200 4_0316
590 _aWB
590 _aWB
650 _aPPS22
650 _aRENEWABLE ENERGY SOURCES
650 _aPLANNING GUIDANCE
650 _aENERGY WHITE PAPER
690 _aPLANNING
942 _n0
999 _c118456
_d118456